Estudio de impacto ambiental del proyecto rehabilitación del camino El Guasimo- El Guatuso y construcción de dos puentes Vehiculares

La investigación consiste en un estudio de impacto ambiental del proyecto rehabilitación de camino El Guasimo-El Guatuso y construcción de dos puentes vehiculares, donde el puente vehicular el Guatuso tendrá una longitud de 30 ml y el puente vehicular El Guasimo tendrá una longitud de 25 ml, el...

Full description

Bibliographic Details
Main Authors: Gago Córdoba, Juneth Guadalupe, Pérez Zapata, Álvaro José
Other Authors: Tutor: Zamora Navarro, Richard
Format: Tesis Section = Libro
Language:Undetermined
Spanish
Published: Managua UNI 2014
Subjects:
LEADER 01415nam a2200253Ia 4500
008 240830s9999 xx 000 0 und d
040 |a BIBLIOTECA-RUPAP T.Mon 624.2 G136 
041 |a spa 
082 |a T.Mon 624.2 G136 
100 1 |a Gago Córdoba, Juneth Guadalupe 
100 1 |b Pérez Zapata, Álvaro José 
245 1 0 |a Estudio de impacto ambiental del proyecto rehabilitación del camino El Guasimo- El Guatuso y construcción de dos puentes Vehiculares 
260 |a Managua  |b UNI  |c 2014 
300 |a 103 p. :il. 
500 |a Contiene: anexos. 
502 |a Tesis (Ingeniero Civil)- UNI, 2014. 
520 3 |a La investigación consiste en un estudio de impacto ambiental del proyecto rehabilitación de camino El Guasimo-El Guatuso y construcción de dos puentes vehiculares, donde el puente vehicular el Guatuso tendrá una longitud de 30 ml y el puente vehicular El Guasimo tendrá una longitud de 25 ml, el análisis de esta evaluación se realizó únicamente para la etapa de construcción, donde se tomaran en cuenta las siguientes actividades: abra y destronque, excavación y terrapleneo, pavimentación, construcción de obras de drenajes, explotación de fuentes de agua. 
650 7 |a PUENTE – CONSTRUCCION 
650 7 |b IMPACTO AMBIENTAL 
650 7 |c REHABILITACION DE CAMINO 
700 1 |a Tutor:  |b Zamora Navarro, Richard 
942 |c BK  |2 ddc 
991 |a TESIS 
999 |c 18157